00451nam a2200145Ia 4500008004100000022001400041245002900055260002100084856004300105942000800148942000900156952008200165999001700247945004100264240731s9999 xx 000 0 und d a1362-3044 0aJournal of Modern Optics bTaylor & Francis uhttps://www.tandfonline.com/loi/tmop20 2ddc cTFEJ 001040708TFEJaUCSCbDLcTFEJd2024-07-31l0r2024-07-31w2024-07-31yTFEJ c77973d77973 a1bMadushi Gamagec1dMadushi Gamage